000 00274nam a2200109Ia 4500
008 220216s9999 xx 000 0 und d
100 _aSebastian M Sunny
245 0 _aHow radiation vulcanised latex is better
260 _bRubber Asia
_c1999
300 _a76-79
942 _cJS
999 _c60509
_d60509